000 00421cam a2200145 a 4500
020 _a0697216926 (pbk.)
040 _cNjPRFB
082 0 0 _a909 BRO A099 Or.
100 1 _aBradshaw, Michael J.
245 1 2 _aA world regional geography :
_bthe new global order /
260 _aMadison, WI :
_bBrown & Benchmark,
_cc1997.
300 _axxi, 594 :
_bill. (some col.), col. maps ;
_c28 cm.
650 0 _aGeography.
942 _cEK
999 _c12279
_d12279